Zur Wiederrichtung des Bistums Meißen im Jahre 1921

Titel: Zur Wiederrichtung des Bistums Meißen im Jahre 1921
Verfasser:
In: Sorbisches Institut: Lětopis, Band 43, Heft 2 (1996), Seite 22-32, Taf. 5
alle Artikel anzeigen
Veröffentlicht: 1996
Format: Aufsatz
Sprache: Deutsch
Kein Bild verfügbar
X
alg: 39468871
001A    $01999:12-11-16 
001B    $01999:30-05-21 $t14:39:24.000 
001C    $06050:19-11-16 $t09:36:07.000 
001D    $01999:12-11-16 
001U    $0utf8 
001X    $00 
002@    $0Aox 
003@    $0394688716 
007A    $0394688716 $aHEB 
007T    $0Herdw04884 
010@    $ager 
011@    $a1996 
021A    $aZur Wiederrichtung des Bistums Meißen im Jahre 1921 
028A    $aKilank $dRudolf 
031A    $d43 $e2 $h22-32, Taf. 5 $j1996 
039B    $aIn $8--Abvc--Sorbisches Institut [Tb1]. Lětopis. - Bautzen : Domowina-Verl., 1992-. - ISSN 0943-2787 $x199600000430002978 $9048608750 
045F    $a200.94385 $eDDC23BSB 
045F/01 $a200.9 
045F/03 $g4385 
045T    $a10 $a8,1 $a9,10 

lok: 39468871 78

exp: 39468871 78 1 #EPN
201B/01 $018-11-16 $t12:25:10.000 
201U/01 $0utf8 
203@/01 $0790799219 
208@/01 $a12-11-16 $be 
209A/01 $a/ $f000 $x00 
220C/01 $aTitelaufnehmer: TJ 
220C/01 $aHerkunft: CBŚB Wrocław 
244Z/01 $2Trx $#Silesia $#Śląsk $#Sliezsko $#Slezsko $8--Trx--Schlesien $x01 $9391173987 
244Z/01 $2Trx $#Budyšin $#Budziszyn $#Budyšín $8--Trx--Bautzen $x02 $9391322400 
244Z/01 $aGeschichte 1921 $x03 
244Z/01 $2Trx $#kirik, Rooma-Katoliku $#bažnyčia, Romos katalikų $#Church, Roman-Catholic $#Római katolikus templom $#kościół rzymskokatolicki $#cirkev rímsko-katolícka $#církev římsko-katolická $8--Trx--Kirche, römisch-katholische $x04 $9391382845 
244Z/01 $2Trx $8--Trx--Zeitschriftenaufsatz $x05 $9391384341 
245Z/01 $a10.02.02.01 $x01 
247C/01 $82080>Marburg/Lahn, Herder-Institut, Forschungsbibliothek, Bibliographieportal $9336309341
LEADER 00000caa a22000002c 4500
001 394688716
003 DE-603
005 20210530143924.0
007 tu
008 161112s1996 xx |||| | u00||u|ger c
035 |a (DE-599)HEB394688716 
040 |a DE-603  |b ger  |c DE-603  |d DE-603 
041 |a ger 
082 0 4 |8 1\u  |a 200.94385  |q DE-101  |2 23/BSB 
084 |a 10  |a 8,1  |a 9,10  |2 ssgn 
085 |8 1\u  |b 200.9 
085 |8 1\u  |z 2  |s 4385 
100 1 |a Kilank, Rudolf 
245 0 0 |a Zur Wiederrichtung des Bistums Meißen im Jahre 1921 
264 0 |c 1996 
773 0 8 |i In  |a Sorbisches Institut  |t Lětopis  |d Bautzen : Domowina-Verl., 1992-  |h 24 cm  |x 0943-2787  |g Band 43, Heft 2 (1996), Seite 22-32, Taf. 5  |w (DE-603)048608750  |w (DE-600)1116990-4 
924 0 |9 2080  |a (DE-603)790799219  |b DE-2080  |c HES  |d d  |g /